<?xml version="1.0" encoding="UTF-8"?>
<record
    xmlns:xsi="http://www.w3.org/2001/XMLSchema-instance"
    xsi:schemaLocation="http://www.loc.gov/MARC21/slim http://www.loc.gov/standards/marcxml/schema/MARC21slim.xsd"
    xmlns="http://www.loc.gov/MARC21/slim">

  <leader>00784nam2a22002171  4500</leader>
  <controlfield tag="001">v19\rc\2102115</controlfield>
  <controlfield tag="005">20250620044131.0</controlfield>
  <datafield tag="035" ind1=" " ind2=" ">
    <subfield code="a">(NLR Aleph) 005176639</subfield>
  </datafield>
  <datafield tag="090" ind1=" " ind2=" ">
    <subfield code="a">5105539</subfield>
    <subfield code="c">5105539</subfield>
  </datafield>
  <datafield tag="100" ind1=" " ind2=" ">
    <subfield code="a">20090914d1830    |||y0rusy50      ca</subfield>
  </datafield>
  <datafield tag="101" ind1="0" ind2=" ">
    <subfield code="a">rus</subfield>
  </datafield>
  <datafield tag="102" ind1=" " ind2=" ">
    <subfield code="a">RU</subfield>
  </datafield>
  <datafield tag="105" ind1=" " ind2=" ">
    <subfield code="a">y   z   |||||</subfield>
  </datafield>
  <datafield tag="200" ind1="0" ind2=" ">
    <subfield code="a">1830 (1829)</subfield>
  </datafield>
  <datafield tag="210" ind1=" " ind2=" ">
    <subfield code="d">1830</subfield>
    <subfield code="a">&#x411;. &#x43C;.</subfield>
  </datafield>
  <datafield tag="461" ind1=" " ind2="0">
    <subfield code="1">001v19\rc\2102109</subfield>
    <subfield code="1">2001#$a&#x421;&#x435;&#x432;&#x435;&#x440;&#x43D;&#x44B;&#x435; &#x446;&#x432;&#x435;&#x442;&#x44B;, &#x441;&#x43E;&#x431;&#x440;&#x430;&#x43D;&#x43D;&#x44B;&#x435; &#x431;&#x430;&#x440;&#x43E;&#x43D;&#x43E;&#x43C; &#x414;&#x435;&#x43B;&#x44C;&#x432;&#x438;&#x433;&#x43E;&#x43C;$v1830 (1829)</subfield>
    <subfield code="9">5105501</subfield>
    <subfield code="c">&#x421;&#x430;&#x43D;&#x43A;&#x442;-&#x41F;&#x435;&#x442;&#x435;&#x440;&#x431;&#x443;&#x440;&#x433;</subfield>
    <subfield code="d">1825-1832</subfield>
    <subfield code="n">&#x418;&#x432;&#x430;&#x43D; &#x421;&#x43B;&#x435;&#x43D;&#x438;&#x43D;</subfield>
    <subfield code="t">&#x421;&#x435;&#x432;&#x435;&#x440;&#x43D;&#x44B;&#x435; &#x446;&#x432;&#x435;&#x442;&#x44B;, &#x441;&#x43E;&#x431;&#x440;&#x430;&#x43D;&#x43D;&#x44B;&#x435; &#x431;&#x430;&#x440;&#x43E;&#x43D;&#x43E;&#x43C; &#x414;&#x435;&#x43B;&#x44C;&#x432;&#x438;&#x433;&#x43E;&#x43C;</subfield>
    <subfield code="v">1830 (1829)</subfield>
  </datafield>
  <datafield tag="801" ind1=" " ind2="0">
    <subfield code="a">RU</subfield>
    <subfield code="b">NLR</subfield>
    <subfield code="g">psbo</subfield>
  </datafield>
  <datafield tag="801" ind1=" " ind2="1">
    <subfield code="a">RU</subfield>
    <subfield code="b">ProSoft-M</subfield>
    <subfield code="2">rusmarc</subfield>
  </datafield>
  <datafield tag="852" ind1=" " ind2=" ">
    <subfield code="a">NLR</subfield>
    <subfield code="j">18.50.7.31</subfield>
  </datafield>
  <datafield tag="942" ind1=" " ind2=" ">
    <subfield code="c">BOOK</subfield>
  </datafield>
  <datafield tag="980" ind1=" " ind2=" ">
    <subfield code="a">NB</subfield>
  </datafield>
  <datafield tag="995" ind1=" " ind2=" ">
    <subfield code="5">2013-10-26</subfield>
    <subfield code="b">NLR02</subfield>
    <subfield code="c">NLR02</subfield>
    <subfield code="e">RFS</subfield>
    <subfield code="f">5176639-10</subfield>
    <subfield code="k">18.50.7.31</subfield>
    <subfield code="o">0</subfield>
    <subfield code="r">BOOK</subfield>
    <subfield code="s">1850731_</subfield>
  </datafield>
  <datafield tag="995" ind1=" " ind2=" ">
    <subfield code="5">2021-08-19</subfield>
    <subfield code="b">NLR02</subfield>
    <subfield code="c">NLR02</subfield>
    <subfield code="e">RFS</subfield>
    <subfield code="f">5176639-20</subfield>
    <subfield code="k">18.50.7.31&#x430;</subfield>
    <subfield code="o">0</subfield>
    <subfield code="r">BOOK</subfield>
    <subfield code="s">1850731_</subfield>
  </datafield>
  <datafield tag="995" ind1=" " ind2=" ">
    <subfield code="5">2021-12-14</subfield>
    <subfield code="b">NLR01</subfield>
    <subfield code="c">NLR01</subfield>
    <subfield code="e">FM</subfield>
    <subfield code="f">5176639-30</subfield>
    <subfield code="k">&#x41C;&#x424; &#x41A;1/33541</subfield>
    <subfield code="o">0</subfield>
    <subfield code="r">MFILM</subfield>
    <subfield code="s">_133541</subfield>
  </datafield>
</record>
